Chickpeas (Record no. 78206)

MARC details
000 -LEADER
fixed length control field 01123nam a2200229 a 4500
008 - FIXED-LENGTH DATA ELEMENTS--GENERAL INFORMATION
fixed length control field 090303s1999 ||||||||||||||||| || u
020 ## - INTERNATIONAL STANDARD BOOK NUMBER
International Standard Book Number 0333631374
050 ## - LIBRARY OF CONGRESS CALL NUMBER
Classification number SB 351.C45 Sin
100 ## - MAIN ENTRY--PERSONAL NAME
Personal name Singh, K. B
245 10 - TITLE STATEMENT
Title Chickpeas
260 ## - PUBLICATION, DISTRIBUTION, ETC.
Place of publication, distribution, etc. London:
Name of publisher, distributor, etc. Macmillan
Date of publication, distribution, etc. 1999
300 ## - PHYSICAL DESCRIPTION
Extent x, 134p.: ill.
350 ## -
-- 0.00
490 ## -
-- The Tropical agriculturalist
650 ## - SUBJECT ADDED ENTRY--TOPICAL TERM
Topical term or geographic name entry element CHICKPEA--MANAGEMENT
650 ## - SUBJECT ADDED ENTRY--TOPICAL TERM
Topical term or geographic name entry element YAMS
700 ## - ADDED ENTRY--PERSONAL NAME
Personal name Saxena, M. C
995 ## -
-- ANNEX COLLECTION (Main Library)
-- 743989
-- CBU-MAIN LIBRARY (Kitwe)
-- 0.00
-- SB 351.C45 Sin
-- 5
-- AVAILABLE
-- Jun 19, 2013
-- 743989
-- Annex Low-Usage Collection
995 ## -
-- MAIN LIBRARY OPEN ACCESS
-- 743990
-- CBU-MAIN LIBRARY (Kitwe)
-- 0.00
-- SB 351.C45 Sin
-- 6
-- AVAILABLE
-- Jun 19, 2013
-- 743990
-- Main Library Open Access Collection
995 ## -
-- ANNEX COLLECTION (Main Library)
-- 743988
-- CBU-MAIN LIBRARY (Kitwe)
-- 0.00
-- SB 351.C45 Sin
-- 4
-- AVAILABLE
-- Jun 19, 2013
-- 743988
-- Annex Low-Usage Collection
995 ## -
-- MAIN LIBRARY OPEN ACCESS
-- 743986
-- CBU-MAIN LIBRARY (Kitwe)
-- 0.00
-- SB 351.C45 Sin
-- 2
-- AVAILABLE
-- Jun 19, 2013
-- 743986
-- Main Library Open Access Collection
999 ## -
-- 78206
-- 78206
Holdings
Withdrawn status Lost status Source of classification or shelving scheme Damaged status Not for loan Permanent Location Current Location Date acquired Full call number Barcode Date last seen Copy number Price effective from Koha item type Shelving location Total Checkouts
Withdrawn         CBU-MAIN LIBRARY, KITWE. CBU-MAIN LIBRARY, KITWE. 05/03/2023 SB 351.C45 Sin 743989 05/03/2023 1 05/03/2023 MONOGRAPH    
          CBU-MAIN LIBRARY, KITWE. CBU-MAIN LIBRARY, KITWE. 05/03/2023 SB 351.C45 Sin 743990 05/03/2023 2 05/03/2023 MONOGRAPH    
Withdrawn         CBU-MAIN LIBRARY, KITWE. CBU-MAIN LIBRARY, KITWE. 05/03/2023 SB 351.C45 Sin 743988 05/03/2023 3 05/03/2023 MONOGRAPH    
          CBU-MAIN LIBRARY, KITWE. CBU-MAIN LIBRARY, KITWE. 05/03/2023 SB 351.C45 Sin 743986 05/03/2023 4 05/03/2023 MONOGRAPH